01177nam a2200289 a 450000100060000000300080000600500170001400800410003102000150007203500190008703500200010603500170012604000230014304100080016608200240017424500940019826000290029230000280032149000430034950001800039250000650057250400310063765000300066870000460069871000990074483000440084368025BD-RjUL20211209081725.0790223s1978 fr abf b i001 0 eng  a9231014978 a(BD-RjUL)68234 a(OCoLC)04701149 aGLIS00069228 aDLCcDLCdMYGbeng aeng 223a553.7bWOR 197800aWorld water balance and water resources of the earth /cedited by V. I. Korzun... [et al] aParis :bUnesco,cc1978. a663 p.:bill. ;c25 cm.1 aStudies and reports in hydrology ;v25 aAt head of title: Chief administration of the hydrometeorological service under the Council of ministers of the USSR. USSR Committee for the International Hydrological Decade. aTranslation of Mirovoi vodnyi balans i vodnye resursy Zemli. aBibliography: p. 625-[657] 0aWater balance (Hydrology)1 aKorzun, V. I.q(Valentin Ignat\02B9evich)2 aMezhduvedomstvennyi komitet SSSR po mezhdunarodnomu gidrologicheskomu desi\0361atiletii\0361u. 0aStudies and reports in hydrology ;v25.